[Event "Huesca Province-ch"]
[Site "Sabinanigo"]
[Date "2016.11.12"]
[Round "5"]
[White "Garreta Crespo, Blas"]
[Black "Pano Pinilla, Ernesto"]
[Result "1-0"]
[WhiteElo "1820"]
[BlackElo "1627"]
[PlyCount "49"]
[EventDate "2016.10.15"]
[EventType "swiss"]
[EventRounds "7"]
[EventCountry "ESP"]
[SourceTitle "EXT 2018"]
[Source "ChessBase"]
[SourceDate "2017.10.13"]
[SourceVersion "1"]
[SourceVersionDate "2017.10.13"]
[SourceQuality "1"]

1. d4 Nf6 2. c4 c5 3. e3 e6 4. Nc3 d5 5. Nf3 Be7 6. Be2 0-0 7. 0-0 Nbd7 8. cxd5 exd5 9. b3 Nb6 10. dxc5 Bxc5 11. Bb2 Ne4 12. Qc2 Ng5 13. Rfd1 Bg4 14. Ne5 Bxe2 15. Qxe2 f6 16. Nf3 Qd7 17. Nxg5 fxg5 18. Nxd5 Nxd5 19. Qc4 Bxe3 20. fxe3 Rac8 21. Qxd5+ Qxd5 22. Rxd5 Rc2 23. Ba3 Rff2 24. Rd8+ Kf7 25. Rf8+ 1-0

[Event "Huesca Province-ch"]
[Site "Sabinanigo"]
[Date "2016.11.05"]
[Round "4"]
[White "Pano Pinilla, Ernesto"]
[Black "Buil Rello, Jose Antonio"]
[Result "1-0"]
[WhiteElo "1627"]
[BlackElo "1814"]
[PlyCount "65"]
[EventDate "2016.10.15"]
[EventType "swiss"]
[EventRounds "7"]
[EventCountry "ESP"]
[SourceTitle "EXT 2018"]
[Source "ChessBase"]
[SourceDate "2017.10.13"]
[SourceVersion "1"]
[SourceVersionDate "2017.10.13"]
[SourceQuality "1"]

1. e4 c5 2. Nf3 e6 3. d3 a6 4. g3 Ne7 5. Bg2 Ng6 6. 0-0 Qc7 7. Re1 Nc6 8. c3 d6 9. h4 Be7 10. d4 b6 11. h5 Nf8 12. h6 gxh6 13. Bxh6 Bf6 14. d5 Ne5 15. Nxe5 dxe5 16. Bh3 Qd6 17. Qf3 exd5 18. Bxc8 dxe4 19. Qxe4 Rxc8 20. Nd2 Nd7 21. Nc4 Qc6 22. Qd3 Ke7 23. Rad1 Rc7 24. f4 Rg8 25. Kf2 Rg6 26. fxe5 Bg5 27. Bxg5+ Rxg5 28. Qd6+ Ke8 29. Qxc6 Rxc6 30. Rd6 Rg6 31. e6 Rf6+ 32. Kg2 Rxe6 33. Rexe6+ 1-0

[Event "Huesca Province-ch"]
[Site "Sabinanigo"]
[Date "2016.10.29"]
[Round "3"]
[White "Cabos Vidal, Esteban"]
[Black "Pano Pinilla, Ernesto"]
[Result "0-1"]
[WhiteElo "1497"]
[BlackElo "1627"]
[PlyCount "84"]
[EventDate "2016.10.15"]
[EventType "swiss"]
[EventRounds "7"]
[EventCountry "ESP"]
[SourceTitle "EXT 2018"]
[Source "ChessBase"]
[SourceDate "2017.10.13"]
[SourceVersion "1"]
[SourceVersionDate "2017.10.13"]
[SourceQuality "1"]

1. c4 c5 2. Nc3 Nc6 3. e3 e6 4. Be2 g6 5. Nf3 Bg7 6. 0-0 Nge7 7. Nb5 d6 8. d4 a6 9. Nc3 0-0 10. h3 Nf5 11. d5 Ne5 12. Nh2 exd5 13. cxd5 b5 14. f4 Nc4 15. Bxc4 bxc4 16. Ne4 Rb8 17. Nc3 Re8 18. Nf3 Nxe3 19. Bxe3 Rxe3 20. Kh1 Bxc3 21. bxc3 Rxc3 22. Qe2 Bf5 23. Rac1 Bd3 24. Qf2 Rxc1 25. Rxc1 Rb1 26. Qd2 Rxc1+ 27. Qxc1 Qf6 28. g4 Be4 29. Kg2 Bxd5 30. Kg3 Bxf3 31. Kxf3 Qd4 32. Qe1 c3 33. h4 c2 34. Kg3 Qd3+ 35. Kh2 Qd1 36. Qe8+ Kg7 37. h5 Qxg4 38. h6+ Kxh6 39. Qf8+ Kh5 40. Qg7 Qxf4+ 41. Kg2 Qg4+ 42. Kf2 Qd4+ 0-1

[Event "Huesca Province-ch"]
[Site "Sabinanigo"]
[Date "2016.10.22"]
[Round "2"]
[White "Pano Pinilla, Ernesto"]
[Black "Torres Castello, Antonio"]
[Result "0-1"]
[WhiteElo "1627"]
[BlackElo "1469"]
[PlyCount "22"]
[EventDate "2016.10.15"]
[EventType "swiss"]
[EventRounds "7"]
[EventCountry "ESP"]
[SourceTitle "EXT 2018"]
[Source "ChessBase"]
[SourceDate "2017.10.13"]
[SourceVersion "1"]
[SourceVersionDate "2017.10.13"]
[SourceQuality "1"]

1. e4 c5 2. Nf3 Nc6 3. g3 Nf6 4. d3 d5 5. exd5 Nxd5 6. Bg2 g6 7. 0-0 Bg7 8. Re1 0-0 9. Bg5 Bxb2 10. Bh6 Re8 11. Nbd2 Nc3 0-1

[Event "Huesca Province-ch"]
[Site "Sabinanigo"]
[Date "2016.10.15"]
[Round "1"]
[White "Rodriguez Leiva, Manuel"]
[Black "Pano Pinilla, Ernesto"]
[Result "1-0"]
[WhiteElo "1957"]
[BlackElo "1627"]
[PlyCount "80"]
[EventDate "2016.10.15"]
[EventType "swiss"]
[EventRounds "7"]
[EventCountry "ESP"]
[SourceTitle "EXT 2018"]
[Source "ChessBase"]
[SourceDate "2017.10.13"]
[SourceVersion "1"]
[SourceVersionDate "2017.10.13"]
[SourceQuality "1"]

1. c4 c5 2. Nc3 Nf6 3. Nf3 Nc6 4. g3 g6 5. Bg2 Bg7 6. 0-0 0-0 7. d3 e6 8. Bg5 d5 9. Qc1 Re8 10. Rd1 Ne7 11. e4 d4 12. Nb5 a6 13. Nd6 Rf8 14. e5 Ng4 15. Ne4 f6 16. exf6 Nxf6 17. Nxc5 b6 18. Nd2 Ra7 19. Nce4 Ng4 20. h3 Ne5 21. Nb3 Nf3+ 22. Kh1 Nxg5 23. Qxg5 Rf5 24. Qd2 e5 25. g4 Rf4 26. Rf1 Nc6 27. f3 Qh4 28. Kg1 Bh6 29. Qe2 Qd8 30. a3 Rf8 31. Nbd2 Be3+ 32. Kh1 Qh4 33. b4 Raf7 34. Nd6 Rf6 35. Nxc8 Rxc8 36. Ne4 Rff8 37. Qe1 Qd8 38. c5 bxc5 39. Nxc5 Qg5 40. Ra2 Qd8 1-0

[Event "Aragon-chT Preferente A"]
[Site "Aragon"]
[Date "2015.03.07"]
[Round "7.36"]
[White "Pano Pinilla, Ernesto"]
[Black "Saura Solano, Jose Luis"]
[Result "0-1"]
[WhiteElo "1683"]
[BlackElo "1764"]
[PlyCount "64"]
[EventDate "2015.01.24"]
[EventType "team-tourn"]
[EventRounds "11"]
[EventCountry "ESP"]
[SourceTitle "EXT 2017"]
[Source "ChessBase"]
[SourceDate "2016.10.25"]
[SourceVersion "1"]
[SourceVersionDate "2016.10.25"]
[SourceQuality "1"]
[WhiteTeam "Sabinanigo"]
[BlackTeam "Binefar"]
[WhiteTeamCountry "ESP"]
[BlackTeamCountry "ESP"]

1. Nf3 Nf6 2. d4 g6 3. Nc3 Bg7 4. e4 d6 5. Bb5+ c6 6. Be2 0-0 7. 0-0 b5 8. a3 Nbd7 9. Re1 a6 10. e5 dxe5 11. dxe5 Ng4 12. e6 Qb6 13. Rf1 fxe6 14. h3 Nh6 15. Be3 Qc7 16. Ng5 Nf6 17. Qc1 Nf5 18. Nce4 Nxe4 19. Nxe4 Nxe3 20. fxe3 Rxf1+ 21. Qxf1 Qb6 22. Qf3 Bd7 23. Rd1 Rf8 24. Qg3 Bc8 25. c3 Bh6 26. Ng5 Qc5 27. h4 Bg7 28. Kh1 Qb6 29. Qg4 Qxe3 30. Rf1 Rf5 31. Nf3 Qxe2 32. h5 Qxf1+ 0-1

[Event "Aragon-chT Preferente A"]
[Site "Aragon"]
[Date "2013.02.16"]
[Round "4.52"]
[White "Pano Pinilla, Ernesto"]
[Black "Javierre Conesa, Alfonso"]
[Result "1/2-1/2"]
[WhiteElo "1565"]
[BlackElo "2011"]
[PlyCount "144"]
[EventDate "2013.01.26"]
[EventType "team"]
[EventRounds "9"]
[EventCountry "ESP"]
[SourceTitle "EXT 2014"]
[Source "ChessBase"]
[SourceDate "2013.11.20"]
[SourceVersion "1"]
[SourceVersionDate "2013.11.20"]
[SourceQuality "1"]
[WhiteTeam "Sabinanigo"]
[BlackTeam "Las Fuentes"]
[WhiteTeamCountry "ESP"]
[BlackTeamCountry "ESP"]

1. Nf3 d5 2. g3 Nf6 3. Bg2 c6 4. 0-0 Bf5 5. d3 Nbd7 6. Nbd2 e5 7. e4 dxe4 8. dxe4 Bg4 9. Re1 Be7 10. Nf1 0-0 11. Ne3 Bxf3 12. Qxf3 g6 13. Rd1 Qc7 14. Ng4 Nxg4 15. Qxg4 Nf6 16. Qf3 Rad8 17. Bh6 Rfe8 18. Bg5 Nh5 19. Bxe7 Qxe7 20. Bf1 Ng7 21. Bc4 Ne6 22. Bxe6 Qxe6 23. Rd3 Rd4 24. c3 Rxd3 25. Qxd3 f6 26. b3 Kf7 27. Rd1 h5 28. Qe3 h4 29. Qh6 g5 30. Qh7+ Kf8 31. Rd7 Re7 32. Rd8+ Re8 33. Qh8+ Kf7 34. Qh7+ Kf8 35. Rxe8+ Kxe8 36. Qxb7 h3 37. Qb8+ Kf7 38. Qxa7+ Kg6 39. Qe3 Qd6 40. Qe2 Qa3 41. c4 Qc1+ 42. Qf1 Qc2 43. Qxh3 Qxe4 44. Qg2 Qb1+ 45. Qf1 Qxa2 46. Qd3+ Kh6 47. b4 Qb2 48. b5 cxb5 49. cxb5 e4 50. Qxe4 Qxb5 51. Qe6 Kg6 52. h3 Qb2 53. h4 gxh4 54. Qg4+ Kf7 55. gxh4 Qd2 56. Kg2 Qd5+ 57. Kh2 Qe5+ 58. Kh3 Qe1 59. Qg2 Qe6+ 60. Kh2 Qe2 61. f3 Qe5+ 62. Kh3 Ke7 63. Qg7+ Ke8 64. Qg6+ Kf8 65. h5 Qf4 66. Qg4 Qc1 67. Qg6 Qf4 68. Qg4 Qc1 69. Qb4+ Kg7 70. Qe7+ Kh6 71. Qxf6+ Kxh5 72. Qh8+ Kg5 1/2-1/2

[Event "Aragon-chT Preferente A"]
[Site "Aragon"]
[Date "2013.01.26"]
[Round "1.44"]
[White "Llanes Luno, Pedro Alfredo"]
[Black "Pano Pinilla, Ernesto"]
[Result "1-0"]
[WhiteElo "2102"]
[BlackElo "1565"]
[PlyCount "28"]
[EventDate "2013.01.26"]
[EventType "team"]
[EventRounds "9"]
[EventCountry "ESP"]
[SourceTitle "EXT 2014"]
[Source "ChessBase"]
[SourceDate "2013.11.20"]
[SourceVersion "1"]
[SourceVersionDate "2013.11.20"]
[SourceQuality "1"]
[WhiteTeam "Delicias CCOO"]
[BlackTeam "Sabinanigo"]
[WhiteTeamCountry "ESP"]
[BlackTeamCountry "ESP"]

1. e4 e5 2. d4 exd4 3. Qxd4 Nc6 4. Qe3 Be7 5. Nc3 d6 6. Bd2 Nf6 7. 0-0-0 0-0 8. f3 Be6 9. Nge2 Qd7 10. Nf4 Nb4 11. a3 Nc6 12. g4 h6 13. b4 Ne5 14. g5 hxg5 1-0